Sauvez 8 lits : 8 mots dans mots (mort subite) - Statistiques

Statistiques générales
  • Ce quiz a été pris 1 194 fois
  • Le résultat moyen est 7 sur 8
Answers on the Grid
Answers color-coded by a green-red scale on the quiz's grid according to % correct below.
Qua---é
Mar---é
Per---ir
Ega---é
Agi---é
Co---e
Mi---e
Uti---é
Bana---é
Fo---er
Civi---é
Tra---e
Car---le
Ond---r
Mag---n
Cond---é
 
Statistiques - réponses
Réponse % Correct
Qua---é
95%
Ega---é
92%
Uti---é
89%
Agi---é
88%
Civi---é
88%
Bana---é
85%
Mi---e
77%
Co---e
46%
Aucun quiz correspondant
Distribution des résultats
% des personnes avec chaque résultat
Percentile par nombre de réponses
Votre historique - résultats
Vous n’avez pas pris ce quiz